Materials paleolítics de les comarques gironines : exposició : desembre 1976-gener 1977 / redacció del catàleg, Eudald Carbonell exposició :
Descripción Física:
31 p. : il. ; 22 cm
Otros Autores:
Carbonell, Eudald
MARC
| LEADER | 00000nam a2200000Ia 4500 | ||
|---|---|---|---|
| 001 | 8191 | ||
| 008 | 160829s9999 xx 000 0 cat d | ||
| 080 | |a FU-7-48 | ||
| 245 | |a Materials paleolítics de les comarques gironines : |b exposició : |b desembre 1976-gener 1977 / redacció del catàleg, Eudald Carbonell | ||
| 260 | |a Barcelona : |b Biblioteca de Catalunya, [1977?] | ||
| 300 | |a 31 p. : |b il. ; |c 22 cm | ||
| 650 | |a Art prehistòric |x Exposicions |9 36458 | ||
| 650 | |a Home prehistòric |x Girona |9 36459 | ||
| 650 | |a Paleolític |x Girona I |9 36460 | ||
| 650 | |a Girona |x Arqueologia |9 36461 | ||
| 700 | |a Carbonell, Eudald |9 36462 | ||
| 710 | 1 | |a Biblioteca de Catalunya |9 52741 | |
| 901 | |a Arxiu | ||
| 942 | |n 1 | ||
| 952 | |0 0 |1 0 |4 0 |6 FU748 |7 1 |9 47326 |a Arxiu |b Arxiu |d 2016-12-01 |l 0 |o FU-7-48 |p 8191 |r 2016-12-01 00:00:00 |w 2016-12-01 |y ARXIU | ||
| 999 | |c 51123 |d 51123 | ||